Statystyki dla Największe miasta w woj.Dolnośląskim na każdą literę

Kliknij tutaj aby rozwiązać quiz!

Ogólne statystyki

  • Ten quiz został rozwiązany 61 razy
  • Średni wynik to 12 z 18

Statystyki odpowiedzi

LiteraMiasto% Poprawnych
WWrocław
98%
LLegnica
94%
JJelenia Góra
90%
ŚŚwidnica
82%
KKłodzko
80%
GGłogów
78%
OOleśnica
73%
BBolesławiec
71%
DDzierżoniów
71%
ZZgorzelec
71%
PPolkowice
67%
TTrzebnica
53%
MMilicz
49%
NNowa Ruda
43%
SStrzegom
43%
CChojnów
35%
ŻŻarów
35%
RRadków
27%

Rozkład punktacji

Percentyl według liczby udzielonych odpowiedzi

Procent ludzi z każdym wynikiem

Twoja historia wyników

Nie rozwiązałeś tego quizu